Мистецтво та освіта №2 (Record no. 206865)

MARC details
001 - Ідентифікатор запису
Ідентифікатор запису 206865
101 ## - Мова
Мова українська
102 ## - Країна публікації/виробництва
Країна Україна
200 ## - Назва
Назва Мистецтво та освіта №2
210 ## - Місце та час видання
Дата видання 2025
942 ## - Додаткові дані (Коха)
Тип одиниці Журнали
000 -Маркер запису
Маркер (контрольне поле довжиною 24 байти) 00325nam 22001453 4500
005 - Ідентифікатор версії
Ідентифікатор версії 20250707140854.0
100 ## - Дані загальної обробки
Дані загальної обробки 20250707 ukry50
801 ## - Джерело походження запису
Код бібліографічного формату unimarc
Країна Україна
Правила каталогізації psbo
Holdings
Джерельне місце зберігання Поточне місце зберігання чи видачі Тип одиниці (рівень примірника) <br/>&nbsp; Штрих-код Джерело класифікації чи схема поличного розташування Дата внесення в Коха Стан списання <br/>&nbsp;<br/>&nbsp; Стан обігу (не для випожичання) Стан пошкодження Стан втрати/відсутності Дата останнього випожичання чи повернення Дата, коли останній раз бачено примірник Дата останнього редагування примірника
Читальний зал Читальний зал Журнали 2025/2МистОсв Універсальна десяткова класифікація (УДК) 07/07/2025         09/09/2025 02/02/2026 2026-02-02 10:07:18

Powered by Koha